Readings in Indian labour and social welfare (Record no. 28340)

MARC details
000 -LEADER
fixed length control field 00347nam a2200133Ia 4500
082 ## - DEWEY DECIMAL CLASSIFICATION NUMBER
Classification number 331=36(540)
Item number MON
245 #0 - TITLE STATEMENT
Title Readings in Indian labour and social welfare
260 ## - PUBLICATION, DISTRIBUTION, ETC. (IMPRINT)
Place of publication Delhi
Name of publisher Atma Ram
Year of publication 1976
650 ## - SUBJECT ADDED ENTRY--TOPICAL TERM
Topical Term Labour wages
650 ## - SUBJECT ADDED ENTRY--TOPICAL TERM
Topical Term Labour welfare
700 ## - ADDED ENTRY--PERSONAL NAME
Personal name MONGIA, J N
942 ## - ADDED ENTRY ELEMENTS (KOHA)
Koha item type Books
Holdings
Withdrawn status Lost status Damaged status Not for loan Home library Current library Date acquired Full call number Accession Number Koha item type
        RRII Library RRII Library 16/12/2021 331=36(540) MON 08941 Books